Movies Quiz

Random Movies or Disney Quiz

Guess the Disney Lyrics Quiz Stats

 Plays Quiz not verified by Sporcle

Score 0/165 Timer 10:00
0 Plays Today
% Correct
And
98.5%
And
98.5%
the
98.5%
and
98.5%
the
98.5%
and
98.5%
And
98.5%
And
98.5%
the
98.5%
the
98.5%
And
98.5%
the
98.5%
and
98.5%
and
98.5%
I
96.9%
I
96.9%
I
96.9%
I
96.9%
I
96.9%
I
96.9%
I
96.9%
I
96.9%
I
96.9%
you
89.1%
love
76.7%
be
76.6%
me
75.5%
me
75.5%
me
75.5%
me
75.5%
me
75.5%
me
75.5%
me
75.5%
me
75.5%
me
75.5%
to
73.6%
to
73.6%
to
73.6%
to
73.6%
to
73.6%
We
71.7%
When
68.1%
when
68.1%
when
68.1%
When
68.1%
when
68.1%
when
68.1%
When
68.1%
When
68.1%
When
68.1%
it
68%
she
65.9%
she
65.9%
she
65.9%
she
65.9%
% Correct
she
65.9%
she
65.9%
she
65.9%
She
65.9%
she
65.9%
she
65.9%
she
65.9%
she
65.9%
for
60.5%
so
60.3%
So
60.3%
there
59.6%
there
59.6%
do
58.2%
her
58%
her
58%
will
57.4%
my
53.9%
my
53.9%
my
53.9%
was
52.7%
was
52.7%
was
52.7%
was
52.7%
was
52.7%
was
52.7%
was
52.7%
was
52.7%
was
52.7%
was
52.7%
was
52.7%
was
52.7%
was
52.7%
that
51%
that
51%
always
48.8%
look
41.4%
Like
41.3%
like
41.3%
Like
41.3%
loved
40.7%
loved
40.7%
loved
40.7%
loved
40.7%
loved
40.7%
loved
40.7%
loved
40.7%
at
40.1%
Every
39%
Every
39%
day
36.4%
heart
35.8%
heart
35.8%
Just
35.6%
just
35.6%
% Correct
all
35.5%
sad
33.1%
happy
32.9%
knew
32.3%
had
32.1%
by
31.9%
Everything
30.1%
say
30.1%
Everything
30.1%
Never
30%
together
29.5%
together
29.5%
together
29.5%
somebody
29.2%
somebody
29.2%
way
28.3%
beautiful
28.2%
beautiful
28.2%
meant
28.2%
comfort
26.7%
went
25.6%
hour
24.7%
hour
24.7%
tears
24.4%
dry
24%
spent
23.8%
spent
23.8%
lonely
22.9%
Lonely
22.9%
she'd
22.3%
she'd
22.3%
used
22.1%
years
21.9%
thought
21.2%
within
21.2%
within
21.2%
away
21%
Through
20.7%
left
20.7%
alone
20.4%
same
19.9%
Lives
19.8%
Lives
19.8%
fall
19.1%
held
18.9%
stayed
18.8%
other
18.3%
smiled
17.8%
each
17.8%
Still
17.7%
waited
17.5%
forgotten
17.5%
began
17.5%
summer
17.4%
drift
16.7%

You're not logged in!

Compare scores with friends on all Sporcle quizzes.
OR
Log In

Show Comments

Extras

Created Oct 10, 2010ReportNominate
Tags:Disney Quiz, Lyrics Quiz

Top Quizzes Today


Score Distribution

Your Account Isn't Verified!

In order to create a playlist on Sporcle, you need to verify the email address you used during registration. Go to your Sporcle Settings to finish the process.

Report this User

Report this user for behavior that violates our Community Guidelines.

Details: